000 00995cab a2200229 4500
001 ##L134593
008 060818n2006 000 0 eng u
035 _a(Sirsi) u134593
041 0 _aeng
100 1 _aHart, Sue
245 0 0 _aBeware the tides of masts
260 _c2006
490 0 _aSouth East Farmer
_vAugust 2006, 37(1)
520 _aGives advice to property owners who face being propositioned by telecommunications operators seeking to locate masts. Points out the effects of the Communications Act 2003 and the Electronic Communications Code paras 20 and 21. Lists the problems associated with the relationship between owner and operator and suggests some dos and don'ts.
590 _aIKA220806
650 2 4 _aLANDLORD AND TENANT ACT 1954
650 2 4 _aELECTRONIC COMMUNICATIONS CODE
650 2 4 _aCOMMUNICATIONS ACT 2003
651 4 _aUnited Kingdom
_y
690 _aPROPERTY-INFRASTRUCTURE-TELECOMMUNICATIONS INFRASTRUCTURE-TELECOMMUNICATIONS FACILITIES
942 _n0
999 _c77585
_d77585